Responses for Show #8587 - Tuesday, March 1, 2022

Christine Whelchel game 5.
Margaret Shelton game 1.

Contestants

[<< previous game]

Stefan Stenroos, a technical trainer from Aliso Viejo, California

Margaret Shelton, a homemaker from Pittsburgh, Pennsylvania

Christine Whelchel, a piano teacher and church organist from Spring Hill, Tennessee (whose 4-day cash winnings total $73,602)

[next game >>]

Jeopardy! Round responses

EDUCATORS
MILITARY MEMOIRS
PAST YOUR PRIME
(Ken: Each correct response will come just after the word "prime" in the dictionary.)
REMEMBERING STEPHEN SONDHEIM
SUNDAY IN THE PARK
WITH GORGE
    $200 1
the deaf

Christine
    $200 6
Julius Caesar

Christine
    $200 7
primrose

Margaret
    $200 21
West Side Story

Margaret
    $200 15
Central Park

Christine
    $200 26
Nepal

Margaret
    $400 2
the Academy

Christine
    $400 8
Spain

Christine
    $400 9
(Christine: Sorry, I don't have it.)

primp

ChristineMargaret
    $400 22
the clowns

Christine
    $400 17
hacky sack

Margaret
    $400 27
the Columbia

Stefan
    $600 3
(Christine: Who is Ellison?)
...
(Ken: We're talking about Larry [*] at Google.)

Page

Christine
Triple Stumper
    $600 12
Reaper

Margaret
    $600 10
princely

Margaret
    $600 23
Sweeney Todd

Stefan
    $600 18
a drum circle

Christine
    $600 28
(Margaret: What is Oslo?)

Bergen

Margaret
Triple Stumper
    $800 4
(Margaret: What is Dangerous Minds?)

Stand and Deliver

MargaretStefan
    $800 13
helicopters

Stefan
    $800 11
a prison

Stefan
    $800 24
Into the Woods

Margaret
    $800 19
tai chi

Margaret
    $800 29
Australia

Stefan
    $800 5
(Stefan: Ken, I always wanted to say it: let's make it a True Daily Double.)

(Maria) Montessori

Stefan
    $1000 14
(Stefan: What are the Seven Pillars?)
(Ken: N--I need more.)
(Stefan: Seven Pillars of Truth?)

the Seven Pillars of Wisdom

MargaretStefan
    $1000 16
privateer

Christine
    $1000 25
(Stefan: What is Lincoln?)

Assassins

MargaretStefan
    $1000 20
Havanese

Christine
    $1000 30
Colorado

Triple Stumper

Scores at the first commercial break (after clue 15):

Christine Margaret Stefan
$400 $2,000 $2,200

Scores at the end of the Jeopardy! Round:

Christine Margaret Stefan
$3,400 $4,800 $3,000

Double Jeopardy! Round responses

CAUSE OF DEATH
BLISSFUL STANZAS
ANTONYMS
FEELING SHEEPISH
ESTEEMED MEN OF ITALY
TV SHOWS BY FINAL EPISODE
    $400 6
tuberculosis

Margaret
    $400 11
home

Christine
    $400 20
rotten tomatoes & fresh tomatoes

Christine
    $400 16
Wallace

Margaret
    $400 5
Cheers

Triple Stumper
    $800 7
the black plague

Margaret
    $2,000 12
The Four Seasons

Christine
    $800 21
the quick and the dead

Margaret
    $800 17
Jericho

Christine
    $800 26
Assisi

Christine
    $800 3
M*A*S*H

Margaret
    $1200 8
yellow fever

Christine
    $1200 13
(Christine: What is happiness?)

gladness

ChristineStefan
    $1200 14
a knot

Christine
    $2,000 15
(Christine: Who is Coppola?)

Federico Fellini

Christine
    $1200 2
Breaking Bad

Stefan
    $1600 9
cholera

Christine
    $1600 22
(Stefan: What is venomous and non-venomous?)
...
(Ken: [To Stefan] That would affect your petting experience, that's true...)

the rough green snake & the smooth green snake

Stefan
Triple Stumper
    $1600 18
wigging

Margaret
    $1600 25
(Margaret: This is gonna be dumb. Who is [*]?)
(Ken: No, it's not dumb; it's correct.)

Verrazzano

Margaret
    $1600 1
(Margaret: What is ER?)
...
(Ken: The Chicago shoe salesman in question--Al Bundy.)

Married... with Children

Margaret
Triple Stumper
    $2000 10
the kidney

Margaret
    $2000 27
[The end-of-round signal sounds.]

a vagabond

Margaret
    $2000 23
(Ken: Less than a minute.)

praise

Margaret
    $2000 19
(Margaret: What's the Canadian sheep?)

the bighorn sheep

ChristineMargaret
    $2000 24
(Stefan: Who is Bernoulli?)

Alessandro Volta

Stefan
Triple Stumper
    $2000 4
Six Feet Under

Triple Stumper

Scores at the end of the Double Jeopardy! Round:

Christine Margaret Stefan
$10,600 $13,600 $1,800

[wagering suggestions for these scores]

Final Jeopardy! Round responses

THE SILVER SCREEN
(Ken: [To Stefan] 1939, of course, Gone with the Wind. '34 and '35. Anybody wanna take a crack at this?)
(Margaret: Call of the Wild. Was that one of them?)
(Stefan: It Happened One Night.)
(Ken: It Happened One Night and...)
(Christine: Mutiny on the Bounty.)
(Ken: Mutiny on the Bounty, very good. Between the three of you, you had all three.)
...
(Ken: And I suspect we have not seen the last of Christine Whelchel.)
StefanWho is Clark Gable?
$1,799
ChristineWho is Clark Gable?
$4,000
MargaretWho is Clark Gable?
$3,000
Clark Gable

Final scores:

Christine Margaret Stefan
$14,600 $16,600 $3,599
2nd place: $2,000 New champion: $16,600 3rd place: $1,000

Game dynamics:

Coryat scores:

Christine Margaret Stefan
$11,400 $13,600 $2,000
18 R
(including 1 DD),
4 W
(including 1 DD)
21 R,
4 W
9 R
(including 1 DD),
4 W

Combined Coryat: $27,000

[game clues] [game scores] [suggest correction]

Game tape date: 2022-01-11
The J! Archive is created by fans, for fans. Scraping, republication, monetization, and malicious use prohibited; this site may use cookies and collect identifying information. See terms. The Jeopardy! game show and all elements thereof, including but not limited to copyright and trademark thereto, are the property of Jeopardy Productions, Inc. and are protected under law. This website is not affiliated with, sponsored by, or operated by Jeopardy Productions, Inc. Join the discussion at JBoard.tv.